| 000 | 00717nam a22002057a 4500 | ||
|---|---|---|---|
| 999 |
_c26058 _d26058 |
||
| 005 | 20190225152037.0 | ||
| 010 | _aB-284999 | ||
| 020 |
_a0140278141 _c250.00 |
||
| 020 |
_a9780140278149 _c250.00 |
||
| 035 | _aB-284999, B-218113 B-218117, B-216301, B-218115 | ||
| 037 | _bUBH (Vender) | ||
| 082 | _aN | ||
| 100 | _aNambisan, Kavery | ||
| 245 |
_aMango-coloured fish / _cby Kavery Nambisan |
||
| 260 |
_aNew Delhi _bPenguin Books _c1998 |
||
| 270 |
_a11, Community Centre, Panchsheel Park, _bNew Delhi _e110017 |
||
| 300 |
_a241p. _c20cm. (pbk) |
||
| 942 |
_2ddc _cEN _hN _mNAM |
||